Practical research methods for nonprofit and public administrators (Record no. 33756)

MARC details
000 -LEADER
fixed length control field 00616nam a2200181Ia 4500
020 ## - INTERNATIONAL STANDARD BOOK NUMBER
ISBN 9780205639465
050 ## - CALL MARK
Classification number HV 11 .O79/
100 ## - STATEMENT OF RESPONSIBILITY--MAIN AUTHOR NAME
Personal name O'Sullivan, Elizabethann
245 #0 - TITLE STATEMENT
Title Practical research methods for nonprofit and public administrators
260 ## - PUBLICATION, DISTRIBUTION, ETC. (IMPRINT)
Place of publication Boston
260 ## - PUBLICATION, DISTRIBUTION, ETC. (IMPRINT)
Name of publisher pearson
260 ## - PUBLICATION, DISTRIBUTION, ETC. (IMPRINT)
Year of publication 2011
300 ## - PHYSICAL DESCRIPTION
Number of Pages 254 p
650 ## - SUBJECT ADDED ENTRY--TOPICAL TERM
Topical Term Human services--Research--Methodology. Social service--Research--Methodology. Nonprofit organizations--Research--Methodology. Public administration--Research--Methodology.
942 ## - ADDED ENTRY ELEMENTS (KOHA)
Koha item type Books
Holdings
Withdrawn status Lost status Source of classification or shelving scheme Damaged status Not for loan Permanent Location Current Location Date acquired Accession Number Price effective from Koha item type
    Library of Congress Classification     NILE UNIVERSITY OF NIGERIA - MAIN LIBRARY NILE UNIVERSITY OF NIGERIA - MAIN LIBRARY 04/23/2025 0011703 04/23/2025 Books